| 000 | 00895nam a2200277 a 4500 | ||
|---|---|---|---|
| 001 | 31539 | ||
| 003 | BD-RjUL | ||
| 005 | 20211209051720.0 | ||
| 008 | 140420s1949 enka 001 0 eng d | ||
| 035 | _a(BD-RjUL) 31627 | ||
| 040 |
_aDLC _cCarP _dDLC _dBD-RjUL _beng |
||
| 041 | _aeng | ||
| 082 | 0 | 4 |
_a185 _bARW V-4 1949 |
| 100 | 0 |
_aAristotle. _995996 |
|
| 245 | 0 | 4 |
_aThe works of Aristotle translated into English under the editorship of W. D. Ross / _nVolume IV : _pHistoria Animalium |
| 260 |
_aOxford : _bClarendon press, _c1949. |
||
| 300 |
_a633 p. ; _bill.; _c23 cm. |
||
| 504 | _aIncludes Index | ||
| 650 |
_aThe works of Aristotle _996001 |
||
| 700 | 1 |
_aRoss, W. D. _q(William David), _d1877-1971, _eed. _987306 |
|
| 700 | 1 |
_aSmith, J. A. _q(John Alexander), _d1863-1939, _ejoint ed. _992959 |
|
| 942 |
_2ddc _cBK |
||
| 999 |
_c31539 _d31539 |
||